000 00564cam a2200169 4500
008 120412n 000 0 eng u
020 _a1900715104
035 _a(Sirsi) a175883
050 _aPR 9320.9 ART 1997
245 _aThe art of David Dabydeen /
_cedited by Kevin Grant ; [essays by Mark McWatt ... et al.
260 _aLeeds:
_bPeepal Tree,
_c1997.
300 _a232p.
504 _aIncludes bibliographical references and index.
650 _aDabydeen, David --Criticism and interpretation.
700 _aGrant, Kevin.
700 _aMcWatt, Mark A.
999 _c117666
_d117666